000 00641nam a22002297a 4500
003 UA-OsUOA
001 50660
007 ta
008 20071122b un ||||| |||| 00| 0 ukr d
090 _a82-94
_bВ77
942 _cBK
040 _aUA-OsUOA
_bukr
_cUA-OsUOA
_dUA-OsUOA
245 _aВоспоминания о Мэгги: Портрет Маргарет Тэтчер
_cДейл Иэйн
300 _a349 с.
955 _a2
041 _aukr
080 _a82-94
020 _a966-7767-69-8
260 _aК.
_bЗнання
_c2003
650 7 _a82 Література. Літературознавство
_2UDC
999 _c336769
_d336769